00613 2200217 4500001002100000005001500021035002000036007000300056008004100059020002200100082001200122084001800134100003200152245008800184250000900272260003300281300004200314650001100356504001200367990001600379INLIS00000000000477820260703070832 a0010-0726000027ta260703 g 0 ind  a978-979-29-2248-6 a530.076 a530.076 AGU s0 aAgus Kamaludin (pengarang)1 aSuper Pintar SMA Kelas 10,11,12 :bJurus Cara Cepat Kuasai Fisika /cAgus Kamaludin aed.1 aYogyakarta :bG-Media,c2010 aviii, 131 hal :bteks, tabel ;c15 cm 4aFisika ahal 131 a00000006650